000 00880nam a22002897a 4500
001 BR8206620
003 BR-BrBNA
005 20230928091524.0
007 ta
008 230509b bl.||||| |||| 00| 0 por d
040 _aBR-BrBNA
_bpor
_cBiblioteca Nacional de Agricultura
041 _a(Por)
072 _aE10
_b/G514
090 _ E10 BR8206620
110 1 _aComissao Estadual de Planejamento Agricola, Fortaleza, CE (Brasil)
_92048
245 1 _aProjeto agroeconomico de parcelamento Fazenda Bom Jesus [distribuicao de terra, Ceara, Brasil]
260 3 _aFortaleza, CE (Brasil):
_c1982.
300 _a129 p.
500 _a54 tables; 3 maps, scale 1:10,000
650 _aMAO-DE-OBRA
650 _aDISTRIBUICAO DE TERRA
650 _aEXPLORACAO AGRICOLA
650 _aCUSTO DE PRODUCAO
650 _aCEARA
909 _a202309
_bLucia
_c55
_dLucia Elande
942 _cBK
999 _c34242
_d34242